| 000 | 00323nam a22001337a 4500 | ||
|---|---|---|---|
| 020 | _a1576104001 | ||
| 040 | _cNust | ||
| 082 |
_a005.133 _bGOE |
||
| 100 |
_aJohn D Goes _9125756 |
||
| 245 | _a3 D Programming with C++ | ||
| 260 |
_aUSA: _bCoriolis, _c2000. |
||
| 650 |
_a3 D Programming with C++ _9125757 |
||
| 942 |
_2ddc _cBK |
||
| 999 |
_c611452 _d611452 |
||